| Tag |
First Indicator |
Second Indicator |
Subfields |
| LEADER |
00000cam a2200000I 4500 |
| 001 |
in00001731813 |
| 005 |
20151024214151.0 |
| 008 |
851205s1955 ru a b 000 0 rus d |
| 035 |
|
|
|a (OCoLC)ocm12872016
|
| 040 |
|
|
|a GUA
|c GUA
|d CUY
|d TXA
|d UtOrBLW
|
| 049 |
|
|
|a TXAM
|
| 090 |
|
|
|a QK882
|b .Z3 1955
|
| 100 |
1 |
|
|a Zalenskiĭ, O. V.
|
| 245 |
1 |
0 |
|a Metody primenenii︠a︡ radioaktivnogo ugleroda C14 dli︠a︡ izuchenii︠a︡ fotosinteza /
|c O.V. Zalenskiĭ, O.A. Semikhatova, V.L. Voznesenskiĭ.
|
| 264 |
|
1 |
|a Moskva :
|b Izd-vo Akademii nauk SSSR,
|c 1955.
|
| 300 |
|
|
|a 88 pages :
|b illustrations ;
|c 26 cm.
|
| 336 |
|
|
|a text
|b txt
|2 rdacontent
|
| 337 |
|
|
|a unmediated
|b n
|2 rdamedia
|
| 338 |
|
|
|a volume
|b nc
|2 rdacarrier
|
| 500 |
|
|
|a At head of title: Akademii︠a︡ nauk SSSR. Botanicheskiĭ institut im. V.L. Komarova.
|
| 504 |
|
|
|a Includes bibliographical references (pages 85-[89]).
|
| 650 |
|
0 |
|a Photosynthesis.
|
| 650 |
|
0 |
|a Carbon
|x Isotopes.
|
| 700 |
1 |
|
|a Semikhatova, O. A.
|q (Olʹga Aleksandrovna),
|d 1921-
|
| 700 |
1 |
|
|a Voznesenskiĭ, V. L.
|q (Viktor Leonidovich),
|d 1919-
|
| 948 |
|
|
|a cataloged
|b h
|c 2003/3/3
|d c
|e spoltoratski
|f 11:26:06 am
|
| 994 |
|
|
|a E0
|b TXA
|
| 999 |
|
|
|a MARS
|
| 999 |
f |
f |
|s 61787155-226a-3aaa-950e-8365746b74f6
|i b2f98575-9484-3d7c-b3d5-da819bdd7711
|t 0
|
| 952 |
f |
f |
|p ric
|a Texas A&M University
|b Rellis Campus
|c Joint Library Facility
|d Remote Storage
|t 0
|e QK882 .Z3 1955
|h Library of Congress classification
|i unmediated -- volume
|m A14829830013
|
| 998 |
f |
f |
|a QK882 .Z3 1955
|t 0
|l Remote Storage
|